[Event "SVK-chT1W 0910"]
[Site "Slovakia"]
[Date "2010.02.13"]
[Round "8.2"]
[White "Cajka, Tibor"]
[Black "Zelovic, Marek"]
[Result "1/2-1/2"]
[WhiteElo "1932"]
[BlackElo "2040"]
[PlyCount "118"]
[EventDate "2009.10.17"]
[EventType "team"]
[EventRounds "11"]
[EventCountry "SVK"]
[SourceTitle "EXT 2011"]
[Source "ChessBase"]
[SourceDate "2010.11.26"]
[SourceVersion "1"]
[SourceVersionDate "2010.11.26"]
[SourceQuality "1"]
[WhiteTeam "Galanta"]
[BlackTeam "Nitra NSK II"]
[WhiteTeamCountry "SVK"]
[BlackTeamCountry "SVK"]

1. e4 e6 2. d4 d5 3. Nc3 Bb4 4. e5 c5 5. a3 Bxc3+ 6. bxc3 Qc7 7. Qg4 f5 8. Qg3 Ne7 9. Qxg7 Rg8 10. Bb5+ Bd7 11. Bxd7+ Kxd7 12. Qxh7 cxd4 13. Ne2 dxc3 14. f4 Rxg2 15. Qh3 Rg7 16. Rb1 Nbc6 17. Qxc3 Rc8 18. Be3 b6 19. Bf2 Na5 20. Qxc7+ Rxc7 21. c3 Nc4 22. a4 Rc8 23. Bh4 Rh7 24. Bg3 Ng6 25. Nd4 Nh4 26. Ke2 Ng2 27. Nc2 Na5 28. Rbg1 Nh4 29. Bxh4 Rxh4 30. Rg7+ Kc6 31. Nd4+ Kc5 32. Nxe6+ Kc4 33. Rxa7 Kb3 34. Nd4+ Kb2 35. Nxf5 Rxf4 36. Nd6 Rxc3 37. Rf7 Rxa4 38. e6 Nc6 39. Rd1 d4 40. e7 Re3+ 41. Kf2 Rxe7 42. Rxe7 Nxe7 43. Ke2 Nc6 44. Nf5 Kc2 45. h4 b5 46. Rd2+ Kc3 47. Rd3+ Kc2 48. Rd2+ Kc3 49. Rd3+ Kc4 50. Nd6+ Kb4 51. h5 Ra2+ 52. Rd2 Ra3 53. Rb2+ Kc5 54. Ne4+ Kd5 55. Ng5 Rg3 56. Rxb5+ Kc4 57. Rc5+ Kxc5 58. Ne4+ Kd5 59. Nxg3 Ke5 1/2-1/2

[Event "SVK-chT2B 0910"]
[Site "Slovakia"]
[Date "2010.01.09"]
[Round "6.3"]
[White "Zelovic, Marek"]
[Black "Marko, Anton"]
[Result "1/2-1/2"]
[WhiteElo "2040"]
[BlackElo "2098"]
[PlyCount "22"]
[EventDate "2009.10.10"]
[EventType "team"]
[EventRounds "11"]
[EventCountry "SVK"]
[SourceTitle "EXT 2011"]
[Source "ChessBase"]
[SourceDate "2010.11.26"]
[SourceVersion "1"]
[SourceVersionDate "2010.11.26"]
[SourceQuality "1"]
[WhiteTeam "Nitra NSK III"]
[BlackTeam "Partizanske"]
[WhiteTeamCountry "SVK"]
[BlackTeamCountry "SVK"]

1. d4 Nf6 2. c4 e6 3. Nc3 Bb4 4. e3 b6 5. Nf3 Bb7 6. Bd3 0-0 7. 0-0 d5 8. Bd2 Nbd7 9. a3 Bxc3 10. Bxc3 Ne4 11. Nd2 Nxc3 1/2-1/2

[Event "SVK-chT1W 0910"]
[Site "Slovakia"]
[Date "2009.12.13"]
[Round "5.6"]
[White "Podoba, Milan"]
[Black "Zelovic, Marek"]
[Result "1-0"]
[WhiteElo "2121"]
[BlackElo "2040"]
[PlyCount "53"]
[EventDate "2009.10.17"]
[EventType "team"]
[EventRounds "11"]
[EventCountry "SVK"]
[SourceTitle "EXT 2011"]
[Source "ChessBase"]
[SourceDate "2010.11.26"]
[SourceVersion "1"]
[SourceVersionDate "2010.11.26"]
[SourceQuality "1"]
[WhiteTeam "Dubnica nad Vahom II"]
[BlackTeam "Nitra NSK II"]
[WhiteTeamCountry "SVK"]
[BlackTeamCountry "SVK"]

1. e4 e6 2. d4 d5 3. Nd2 Nf6 4. e5 Nfd7 5. Bd3 c5 6. c3 Nc6 7. Ndf3 cxd4 8. cxd4 f6 9. exf6 Nxf6 10. Ne2 Bd6 11. Bf4 0-0 12. Bxd6 Qxd6 13. 0-0 Bd7 14. Qd2 Rae8 15. Ng3 e5 16. dxe5 Nxe5 17. Nxe5 Rxe5 18. Rae1 Ng4 19. Rxe5 Nxe5 20. Be2 Qc5 21. b4 Qc6 22. Qd4 Nc4 23. Bf3 Be6 24. Nh5 Rf7 25. Nf4 Rd7 26. Nxe6 Qxe6 27. Bg4 1-0

[Event "SVK-chT1W 0910"]
[Site "Slovakia"]
[Date "2009.11.14"]
[Round "3.5"]
[White "Zelovic, Marek"]
[Black "Sosovicka, Juraj"]
[Result "0-1"]
[WhiteElo "2040"]
[BlackElo "2066"]
[PlyCount "76"]
[EventDate "2009.10.17"]
[EventType "team"]
[EventRounds "11"]
[EventCountry "SVK"]
[SourceTitle "EXT 2011"]
[Source "ChessBase"]
[SourceDate "2010.11.26"]
[SourceVersion "1"]
[SourceVersionDate "2010.11.26"]
[SourceQuality "1"]
[WhiteTeam "Nitra NSK II"]
[BlackTeam "Bratislava Slovan III"]
[WhiteTeamCountry "SVK"]
[BlackTeamCountry "SVK"]

1. d4 d5 2. c4 c6 3. Nf3 Nf6 4. e3 e6 5. Nc3 Nbd7 6. Be2 dxc4 7. Bxc4 b5 8. Bd3 Bb7 9. 0-0 a6 10. e4 c5 11. d5 c4 12. Bc2 Qc7 13. dxe6 fxe6 14. Qe2 Bd6 15. Re1 e5 16. a3 Nc5 17. Nh4 0-0 18. f3 Ne6 19. Be3 Nd4 20. Qd2 Rad8 21. Qc1 Bc5 22. Kh1 Rd7 23. Nf5 Rfd8 24. Bg5 Qb6 25. Rb1 Rc8 26. Ne2 a5 27. Nexd4 Bxd4 28. Nxd4 exd4 29. e5 d3 30. Bxd3 cxd3 31. Qd1 Ne8 32. e6 Rd6 33. e7 Qc5 34. f4 d2 35. Rf1 Qc2 36. Qg4 Qxb1 37. Rxb1 Rc1+ 38. Qd1 Rxb1 0-1

[Event "SVK-chT2B 0910"]
[Site "Slovakia"]
[Date "2009.11.08"]
[Round "4"]
[White "Obona, Jan"]
[Black "Zelovic, Marek"]
[Result "1-0"]
[WhiteElo "2110"]
[BlackElo "2040"]
[PlyCount "79"]
[EventDate "2009.10.10"]
[EventType "team"]
[EventRounds "11"]
[EventCountry "SVK"]
[SourceTitle "EXT 2011"]
[Source "ChessBase"]
[SourceDate "2010.11.26"]
[SourceVersion "1"]
[SourceVersionDate "2010.11.26"]
[SourceQuality "1"]
[WhiteTeam "Bystrica SKS"]
[BlackTeam "Nitra NSK III"]
[WhiteTeamCountry "SVK"]
[BlackTeamCountry "SVK"]

1. d4 Nf6 2. c4 e6 3. Nc3 d5 4. cxd5 exd5 5. Bg5 Be7 6. e3 c6 7. Bd3 0-0 8. Qc2 h6 9. Bh4 b6 10. Nf3 Nbd7 11. 0-0 Bb7 12. Rac1 a6 13. Rfe1 c5 14. Bf5 Re8 15. Red1 c4 16. Ne5 b5 17. f4 Nf8 18. Rf1 N6d7 19. Be1 Nxe5 20. fxe5 Qc7 21. Qf2 Bd8 22. Qf3 Ne6 23. Nxd5 Bxd5 24. Qxd5 Bg5 25. Bf2 Rad8 26. Qe4 Rf8 27. Qg4 Qc6 28. Be4 Qb6 29. Rcd1 Nc7 30. h4 Be7 31. h5 Qe6 32. Qf3 f5 33. Bb1 Nd5 34. e4 fxe4 35. Qxe4 g6 36. Bg3 c3 37. hxg6 Kg7 38. Rf7+ Kg8 39. Rxf8+ Rxf8 40. g7 1-0

[Event "SVK-chT2B 0809"]
[Site "Slovakia"]
[Date "2009.02.28"]
[Round "10.6"]
[White "Zelovic, Marek"]
[Black "Sajtlava, Igor"]
[Result "1-0"]
[WhiteElo "2009"]
[BlackElo "1995"]
[PlyCount "95"]
[EventDate "2008.10.11"]
[EventType "team-tourn"]
[EventRounds "11"]
[EventCountry "SVK"]
[SourceTitle "EXT 2010"]
[Source "ChessBase"]
[SourceDate "2010.11.25"]
[SourceVersion "1"]
[SourceVersionDate "2010.11.25"]
[SourceQuality "1"]
[WhiteTeam "Nitra NSK III"]
[BlackTeam "Belusa Hermes"]
[WhiteTeamCountry "SVK"]
[BlackTeamCountry "SVK"]

1. d4 d5 2. c4 e6 3. Nc3 Nf6 4. Bg5 Be7 5. e3 0-0 6. Nf3 h6 7. Bh4 b6 8. Bd3 dxc4 9. Bxc4 Bb7 10. 0-0 Ne4 11. Bxe7 Qxe7 12. Bd3 Nxc3 13. bxc3 Nd7 14. e4 c5 15. Qe2 Rfd8 16. a4 cxd4 17. cxd4 e5 18. d5 Nc5 19. Bc4 a5 20. Nd2 Na6 21. Bb5 Nc7 22. Nc4 Nxb5 23. axb5 Qf6 24. Qe3 Rab8 25. Rab1 Bc8 26. f4 exf4 27. Rxf4 Qe7 28. d6 Qb7 29. Ne5 Rf8 30. Nc6 Ra8 31. Ne7+ Kh7 32. Rc1 Be6 33. Rc7 Qb8 34. Nc6 Qe8 35. Re7 Qc8 36. Qxb6 a4 37. Rf1 a3 38. Qd4 a2 39. Ra1 Bd7 40. Ne5 Be6 41. Rc7 Qd8 42. b6 Qf6 43. b7 Ra5 44. Nc6 Rb5 45. Qxf6 gxf6 46. Rxa2 Bxa2 47. d7 Bb1 48. b8Q 1-0

[Event "SVK-chT2B 0809"]
[Site "Slovakia"]
[Date "2009.01.31"]
[Round "8.5"]
[White "Zelovic, Marek"]
[Black "Chrast, Adrian"]
[Result "0-1"]
[WhiteElo "2009"]
[BlackElo "2015"]
[PlyCount "64"]
[EventDate "2008.10.11"]
[EventType "team-tourn"]
[EventRounds "11"]
[EventCountry "SVK"]
[SourceTitle "EXT 2010"]
[Source "ChessBase"]
[SourceDate "2010.11.25"]
[SourceVersion "1"]
[SourceVersionDate "2010.11.25"]
[SourceQuality "1"]
[WhiteTeam "Nitra NSK III"]
[BlackTeam "Partizanske SK Neomax"]
[WhiteTeamCountry "SVK"]
[BlackTeamCountry "SVK"]

1. d4 Nf6 2. c4 c6 3. Nc3 d5 4. Nf3 e6 5. Bg5 Be7 6. e3 0-0 7. Bd3 Nbd7 8. 0-0 Re8 9. e4 dxe4 10. Bxe4 Nxe4 11. Nxe4 Nf6 12. Nc3 b6 13. Qc2 Bb7 14. Rad1 Qc7 15. Ne5 Rad8 16. Kh1 Nd7 17. Bxe7 Rxe7 18. f4 Nf6 19. Rd3 Qc8 20. Rfd1 Ree8 21. Qf2 Qc7 22. Qh4 Qe7 23. Rh3 g6 24. Ne4 Nh5 25. Qf2 c5 26. d5 exd5 27. cxd5 Rxd5 28. Rxd5 Bxd5 29. Nc3 Nxf4 30. Nxd5 Nxd5 31. Nf3 Qe2 32. Rxh7 Qxf2 0-1

[Event "SVK-chT2B 0708"]
[Site "Slovakia"]
[Date "2007.12.01"]
[Round "5.5"]
[White "Zelovic, Marek"]
[Black "Merva, Frantisek"]
[Result "0-1"]
[WhiteElo "2006"]
[BlackElo "2062"]
[PlyCount "74"]
[EventDate "2007.10.06"]
[EventType "team-tourn"]
[EventRounds "11"]
[EventCountry "SVK"]
[SourceTitle "EXT 2010"]
[Source "ChessBase"]
[SourceDate "2010.11.25"]
[SourceVersion "1"]
[SourceVersionDate "2010.11.25"]
[SourceQuality "1"]
[WhiteTeam "Nitra SPU II"]
[BlackTeam "Sala Slovan Duslo"]
[WhiteTeamCountry "SVK"]
[BlackTeamCountry "SVK"]

1. e4 c5 2. Nf3 Nc6 3. d4 cxd4 4. Nxd4 g6 5. c3 Bg7 6. Be3 Nf6 7. Nd2 0-0 8. Be2 d5 9. f3 e5 10. Nxc6 bxc6 11. Bc5 Re8 12. 0-0 Nh5 13. b4 Nf4 14. Kh1 a5 15. Rg1 Ba6 16. Bxa6 Rxa6 17. bxa5 Rxa5 18. Nb3 Ra4 19. g3 Nh3 20. Rg2 dxe4 21. fxe4 Qxd1+ 22. Rxd1 Rxe4 23. Rgd2 Ra4 24. Rd8 Ra8 25. Rxe8+ Rxe8 26. a4 e4 27. Kg2 Ng5 28. Nd4 Bxd4 29. Bxd4 Ra8 30. Bf6 Ne6 31. Rb1 Nc5 32. Rb4 Nd7 33. Bg5 f5 34. Bf4 Kf7 35. Bc7 c5 36. Rc4 Rc8 37. Bd6 Ke6 0-1

[Event "SVK-chT2B 0708"]
[Site "Slovakia"]
[Date "2007.10.06"]
[Round "1.3"]
[White "Zelovic, Marek"]
[Black "Laho, Maros"]
[Result "1/2-1/2"]
[WhiteElo "2006"]
[BlackElo "1879"]
[PlyCount "52"]
[EventDate "2007.10.06"]
[EventType "team-tourn"]
[EventRounds "11"]
[EventCountry "SVK"]
[SourceTitle "EXT 2010"]
[Source "ChessBase"]
[SourceDate "2010.11.25"]
[SourceVersion "1"]
[SourceVersionDate "2010.11.25"]
[SourceQuality "1"]
[WhiteTeam "Nitra SPU II"]
[BlackTeam "Surany Lokomotiva"]
[WhiteTeamCountry "SVK"]
[BlackTeamCountry "SVK"]

1. c4 Nf6 2. g3 e5 3. Bg2 d5 4. cxd5 Nxd5 5. Nc3 c6 6. d3 Bb4 7. Bd2 0-0 8. Nf3 Qe7 9. 0-0 f6 10. Qc2 Be6 11. a3 Bd6 12. Ne4 Nd7 13. Rfc1 Rac8 14. Nxd6 Qxd6 15. b3 c5 16. Qb2 Rc7 17. Rc2 Rfc8 18. Rac1 b6 19. Nh4 a5 20. Be4 g6 21. Bg2 Ne7 22. f4 Nc6 23. Bxc6 Rxc6 24. Rf1 Qd4+ 25. Rf2 Qxb2 26. Rxb2 Rd6 1/2-1/2

[Event "SVK-chT2B 0607"]
[Site "Slovakia"]
[Date "2006.12.16"]
[Round "5.3"]
[White "Szucs, Vladimir"]
[Black "Zelovic, Marek"]
[Result "1-0"]
[WhiteElo "2144"]
[BlackElo "1951"]
[PlyCount "141"]
[EventDate "2006.10.14"]
[EventType "team-tourn"]
[EventRounds "11"]
[EventCountry "SVK"]
[SourceTitle "EXT 2008"]
[Source "ChessBase"]
[SourceDate "2007.11.25"]
[SourceVersion "1"]
[SourceVersionDate "2007.11.25"]
[SourceQuality "1"]
[WhiteTeam "Nove Zamky II"]
[BlackTeam "Surany"]
[WhiteTeamCountry "SVK"]
[BlackTeamCountry "SVK"]

1. d4 e6 2. c4 d5 3. Nc3 Nf6 4. cxd5 Nxd5 5. e4 Nxc3 6. bxc3 b6 7. Nf3 Be7 8. Bd3 Bb7 9. 0-0 0-0 10. a4 c5 11. a5 bxa5 12. Qe2 cxd4 13. cxd4 Nc6 14. Bb2 Nb4 15. Bc4 Rc8 16. Rfc1 Bd6 17. g3 h6 18. Nd2 Bc6 19. Qg4 Bd7 20. e5 Be7 21. Ne4 Bc6 22. Qe2 Bd5 23. Nd2 Bc6 24. Nf1 Qb6 25. Ne3 a6 26. Rab1 Bb5 27. Ba1 Rfd8 28. Qg4 Rc7 29. d5 Nxd5 30. Bxd5 Rxc1+ 31. Rxc1 Bg5 32. Bd4 Qb8 33. Bg2 a4 34. h4 Be7 35. Ba1 a3 36. Be4 Rd2 37. Bc2 Qb6 38. Qe4 g6 39. Bc3 Rd8 40. h5 Bc6 41. Qc4 g5 42. Rb1 Qc5 43. Qxc5 Bxc5 44. Ng4 Kg7 45. Nf6 Bf3 46. Be4 Bxe4 47. Nxe4 Be7 48. Kf1 Kf8 49. Ke2 Kg7 50. Ra1 Rd5 51. Nd6 Kg8 52. Nc4 Rc5 53. Kd3 Rd5+ 54. Kc2 Bc5 55. f3 Bf2 56. g4 Bd4 57. Rxa3 Bxc3 58. Kxc3 Rd1 59. Rxa6 Rf1 60. Nd2 Re1 61. Ra5 Re3+ 62. Kd4 Re1 63. Ne4 Rd1+ 64. Ke3 Rd8 65. Ra7 Kg7 66. Nd6 Rf8 67. f4 gxf4+ 68. Kxf4 Kg8 69. g5 hxg5+ 70. Kxg5 Kg7 71. h6+ 1-0